| 000 | 01141nas a2200361 i 4500 | ||
|---|---|---|---|
| 001 | 2183 | ||
| 003 | ES-MaACL | ||
| 005 | 20250803062530.0 | ||
| 007 | t| | ||
| 008 | 950801c1884 it | | 1 ||ta d | ||
| 022 | _a0035-7073 | ||
| 080 | _a45 | ||
| 245 | 0 | 0 |
_aRivista storica italiana / _cdir. C. Rinaudo. |
| 260 |
_aTorino, etc : _bFratelli Bocca, _c1884- ( _fVicenzo Bona) |
||
| 300 |
_av ; _c23 cm. |
||
| 310 | _aTrimestral | ||
| 321 |
_aTrimestral, _b1884-95 |
||
| 321 |
_aBimestral, _b1896-1903 |
||
| 321 |
_aTrimestral, _b1904-24 |
||
| 321 |
_aSemestral, _b1925-26 |
||
| 321 |
_aTrimestral, _b1927-28 |
||
| 321 |
_aCuatrimestral, _b1929 |
||
| 362 | 0 | _aAnno 1, vol. 1, fasc. 1 (1884)- | |
| 500 | _aEn 1901 se publica un índice de los años 1884-1901. | ||
| 650 | 1 | 7 |
_aHistoria _2embne _9179933 |
| 700 | 1 |
_aRinaudo, Costanzo. _9131825 |
|
| 700 | 1 |
_aEgidi, Pietro, _edir. _9194428 |
|
| 700 | 1 |
_aCognaso, Francesco. _939475 |
|
| 700 | 1 |
_aVolpe, Gioacchino, _edir. _9194429 |
|
| 852 |
_aES-MaACL _jHem-148 |
||
| 866 | 0 | _o1884-1930,1932-33(1934f.fasc.II)1935(1936f.fasc.II-IV),1950(1951). | |
| 999 |
_c2183 _d2183 |
||